LEADER 00875nam0 2200253 450 001 000021351 005 20090112141141.0 010 $a88-7056-418-5 100 $a20090112d1986----km-y0itay50------ba 101 0 $aita 102 $aIT 105 $ay-------001yy 200 1 $aMicrosoft Basic (versioni 1.0 e 2.0) per Apple Macintosh$fdi Alberto E. Minetti 210 $aMilano$cJackson$dc1986 215 $aIII, 150 p.$d21 cm 500 10$aMicrosoft Basic (versioni 1.0 e 2.0) per Apple Macintosh$948147 610 1 $aMicroelaboratori elettronici Apple Macintosh$aLinguaggio Basic 676 $a005.265$v19 700 1$aMinetti,$bAlberto E.$0632750 801 0$aIT$bUNIPARTHENOPE$c20090112$gRICA$2UNIMARC 912 $a000021351 951 $aG 001.642 4/5$bG s.i.$cDSA$d2008 996 $aMicrosoft Basic (versioni 1.0 e 2.0) per Apple Macintosh$948147 997 $aUNIPARTHENOPE